00989nam a2200181 a 4500001001000000003000900010005001700019008004100036040002500077082002700102100003200129245008600161250001100247260003600258300002800294505040200322651008300724000020820DO-SdBNP20240422101417.0100818s2004 dr a 000 0 spa d aDO-SdBNPbspacBNPHU a972.93052bV335i, 20041 aVásquez Romero, José L.13aLa intervención de 1916 :bvencidos y vencedores /cJosé L. Vásquez Romero. a2a ed. aSanto Domingo :bTrebol,c2004. a263 p. :bil. ;c23 cm.2 aAntecedentes de la Ocupación de 1916 - Las privaciones a las libertades públicas y sus implicaciones durante el gobierno de ocupación - Implicaciones económicas y sociales de la ocupación - Resistencia armada contra el gobierno militar (1917-1922) - La Unión Nacionalista: diversos mecanismos de lucha contra el régimen de ocupación militar - Conclusiones - Bibliografía general. 0aRepública Dominicana --xHistoria --yOcupación norteamericana, 1916-1924